Billie Eilish - my boy Lyrics - Statistics

General Stats
  • This quiz has been taken 160 times
  • The average score is 203 of 243
Answer Stats
Answer % Correct
boy
99%
My
99%
my
99%
I
98%
a
97%
love
95%
love -
95%
he
94%
He
94%
like
94%
an
93%
me
93%
Don't
92%
don't
92%
And
91%
and
91%
promised
87%
But
86%
but
86%
be
84%
that
84%
he's
83%
his
83%
man
83%
by
81%
mean...
81%
mean
81%
boy's
80%
off
80%
to
78%
you?)
78%
You
78%
you
78%
ain't
77%
honest
77%
just
77%
love's
77%
sure
77%
ends
76%
friends
76%
hell
76%
said
76%
split
76%
change
74%
cuts
74%
pretty
73%
ugly
73%
as
72%
he'd
72%
bein'
71%
liar
71%
sus
71%
father
70%
go
70%
how
69%
know
69%
such
69%
crier
67%
em'
67%
was
67%
(What?!)
65%
then
64%
enough
63%
now
63%
tryna
63%
cuss
62%
if
62%
mine
62%
shadow
62%
sounds
60%
(Who
60%
are
59%
shady
59%
want
59%
yours
59%
good
58%
girl
56%
gotta
56%
goodbye
55%
well
52%
knife"
48%
over
48%
trip
47%
dude
45%
"Alright
35%
No matching quizzes found
Score Distribution
Percent of People with Each Score
Percentile by Number Answered
Your Score History
You have not taken this quiz